[Event "Santo Domingo Summer op"]
[Site "Santo Domingo"]
[Date "2015.07.24"]
[Round "5"]
[White "Rodriguez, Franyeline Antonio"]
[Black "Mendez, Ruddy Antonio"]
[Result "0-1"]
[WhiteElo "1929"]
[BlackElo "2042"]
[PlyCount "90"]
[EventDate "2015.07.17"]
[EventType "swiss"]
[EventRounds "8"]
[EventCountry "DOM"]
[SourceTitle "EXT 2016"]
[Source "ChessBase"]
[SourceDate "2015.10.08"]
[SourceVersion "1"]
[SourceVersionDate "2015.10.08"]
[SourceQuality "1"]

1. e4 e5 2. Nf3 Nc6 3. Bb5 a6 4. Bxc6 dxc6 5. 0-0 f6 6. d4 exd4 7. Nxd4 c5 8. Nb3 Qxd1 9. Rxd1 Bd7 10. Be3 b6 11. Nc3 0-0-0 12. Rd2 Be6 13. Rxd8+ Kxd8 14. Rd1+ Kc8 15. Na4 Ne7 16. Naxc5 bxc5 17. Nxc5 Bf7 18. Nxa6 Nc6 19. f4 Bc4 20. Nc5 Bxc5 21. Bxc5 Re8 22. Re1 Bd5 23. e5 fxe5 24. f5 Bxa2 25. b3 Kb7 26. g4 Rd8 27. g5 Nd4 28. Ra1 Ra8 29. f6 gxf6 30. gxf6 Nxc2 31. Rxa2 Rxa2 32. f7 Ra8 33. f8Q Rxf8 34. Bxf8 Kc6 35. Kf2 Kd5 36. Be7 Ke4 37. b4 c6 38. h4 h5 39. Ke2 Ne3 40. Bg5 Nd5 41. Bd2 Nf4+ 42. Kf1 Ng6 43. Bg5 Nf4 44. Be7 Nd5 45. Bc5 Kd3 0-1

[Event "Santo Domingo op U2100 2nd"]
[Site "Santo Domingo"]
[Date "2015.06.29"]
[Round "8.8"]
[White "Velez Espiritusantos, Brunildo E"]
[Black "Rodriguez, Franyeline Antonio"]
[Result "1-0"]
[WhiteElo "2032"]
[BlackElo "1936"]
[PlyCount "55"]
[EventDate "2015.06.19"]
[EventType "swiss"]
[EventRounds "8"]
[EventCountry "DOM"]
[SourceTitle "EXT 2017"]
[Source "ChessBase"]
[SourceDate "2016.10.25"]
[SourceVersion "1"]
[SourceVersionDate "2016.10.25"]
[SourceQuality "1"]

1. d4 Nf6 2. c4 e6 3. a3 c6 4. Nc3 d5 5. e3 Be7 6. c5 Nbd7 7. f4 0-0 8. Bd3 b6 9. b4 a5 10. Bd2 Ba6 11. Bxa6 Rxa6 12. Nf3 axb4 13. axb4 Qa8 14. 0-0 Qa7 15. Ne5 bxc5 16. Nxc6 Rxa1 17. Nxe7+ Kh8 18. Qxa1 Qb7 19. b5 Nb6 20. Nc6 Nc4 21. Qc1 Ra8 22. h3 Nd6 23. Qc2 Nde4 24. Nxe4 Nxe4 25. Rb1 Nd6 26. Na5 Qb6 27. Qxc5 Rb8 28. Bb4 1-0

[Event "Santo Domingo op U2100 2nd"]
[Site "Santo Domingo"]
[Date "2015.06.20"]
[Round "2"]
[White "Sanchez Acevedo, Jensy Manuel"]
[Black "Rodriguez, Franyeline Antonio"]
[Result "0-1"]
[WhiteElo "1867"]
[BlackElo "1936"]
[PlyCount "134"]
[EventDate "2015.06.19"]
[EventType "swiss"]
[EventRounds "8"]
[EventCountry "DOM"]
[SourceTitle "CBM 167 Extra"]
[Source "ChessBase"]
[SourceDate "2015.09.14"]
[SourceVersion "1"]
[SourceVersionDate "2015.09.14"]
[SourceQuality "1"]

1. e4 d5 2. exd5 Nf6 3. Nf3 Nxd5 4. d4 Bg4 5. Be2 Nc6 6. c3 e6 7. Nbd2 Nf4 8. 0-0 Bd6 9. Bb5 0-0 10. Ne4 Ng6 11. Bg5 Be7 12. Bxe7 Ncxe7 13. h3 Qd5 14. Bd3 Bxf3 15. Qxf3 Rad8 16. Nd2 Qxf3 17. Nxf3 c5 18. Bxg6 Nxg6 19. dxc5 Nf4 20. Rad1 Rc8 21. Rd7 Rxc5 22. Rxb7 Ra5 23. a3 Rd8 24. Re1 Ng6 25. Nd4 Ra6 26. Nb5 Rb6 27. Rxb6 axb6 28. Nd4 e5 29. Nf3 f6 30. g3 Rd3 31. Re3 Rd1+ 32. Kg2 Ne7 33. c4 Nf5 34. Rb3 Rd6 35. Kf1 e4 36. Ne1 Nd4 37. Rc3 Kf7 38. c5 bxc5 39. Rxc5 Rb6 40. Nc2 Nb3 41. Rc7+ Kg6 42. Nb4 Nd2+ 43. Ke2 Nf3 44. Ke3 f5 45. Rc6+ Rxc6 46. Nxc6 Kf6 47. a4 Ne5 48. Nxe5 Kxe5 49. a5 Kd5 50. Kf4 g6 51. Kg5 Kc5 52. b4+ Kb5 53. Kh6 Ka6 54. Kxh7 g5 55. Kg6 f4 56. h4 gxh4 57. gxh4 e3 58. fxe3 fxe3 59. h5 e2 60. h6 e1Q 61. h7 Qe5 62. Kf7 Qh8 63. Kg6 Qe5 64. Kf7 Qh8 65. Kg6 Qe5 66. Kh6 Qf6+ 67. Kh5 Qg7 0-1

[Event "Santo Domingo op U2100 2nd"]
[Site "Santo Domingo"]
[Date "2015.06.19"]
[Round "1"]
[White "Rodriguez, Franyeline Antonio"]
[Black "Rosado de Leon, Gabriel"]
[Result "1/2-1/2"]
[WhiteElo "1936"]
[BlackElo "1605"]
[PlyCount "64"]
[EventDate "2015.06.19"]
[EventType "swiss"]
[EventRounds "8"]
[EventCountry "DOM"]
[SourceTitle "CBM 167 Extra"]
[Source "ChessBase"]
[SourceDate "2015.09.14"]
[SourceVersion "1"]
[SourceVersionDate "2015.09.14"]
[SourceQuality "1"]

1. d4 c6 2. c4 Nf6 3. Nc3 d5 4. cxd5 cxd5 5. Bg5 e6 6. e3 Be7 7. Bd3 Nc6 8. Nf3 a6 9. 0-0 Bd7 10. Rc1 Rc8 11. a3 h6 12. Bh4 0-0 13. Bb1 Re8 14. Qd3 g6 15. Bg3 Nh5 16. Ne5 Nxe5 17. Bxe5 Bf6 18. f4 Ng7 19. g4 Qe7 20. Rf3 Bxe5 21. fxe5 Qg5 22. Rg3 Rf8 23. Rf1 Rc7 24. Qe2 Bc6 25. Qf2 Rfc8 26. Qf6 Qxf6 27. Rxf6 Kh7 28. Rgf3 Kg8 29. Bd3 Re7 30. h4 Ne8 31. R6f4 Kg7 32. Rf2 Nc7 1/2-1/2

[Event "DOM-ch"]
[Site "Santo Domingo"]
[Date "2015.05.16"]
[Round "10"]
[White "Rodriguez, Franyeline Antonio"]
[Black "Velez Espiritusantos, Brunildo E"]
[Result "0-1"]
[WhiteElo "1995"]
[BlackElo "2057"]
[PlyCount "108"]
[EventDate "2015.05.01"]
[EventType "swiss"]
[EventRounds "11"]
[EventCountry "DOM"]
[SourceTitle "CBM 166 Extra"]
[Source "ChessBase"]
[SourceDate "2015.06.18"]
[SourceVersion "1"]
[SourceVersionDate "2015.06.18"]
[SourceQuality "1"]

1. c4 c6 2. Nf3 d5 3. e3 Nf6 4. Be2 e6 5. 0-0 Bd6 6. d4 Nbd7 7. b3 0-0 8. Ba3 Bxa3 9. Nxa3 Ne4 10. Nd2 Nc3 11. Qe1 Nxe2+ 12. Qxe2 Re8 13. f4 Nf6 14. Nc2 b6 15. Rac1 Bb7 16. Ne1 Rc8 17. c5 bxc5 18. Rxc5 Nd7 19. Rc2 Qa5 20. Nd3 Ba6 21. Rfc1 c5 22. dxc5 Qb5 23. c6 Nf6 24. Rc3 Ne4 25. Nf3 Nxc3 26. Rxc3 Qa5 27. Qc2 Rc7 28. Nd4 Bxd3 29. Qxd3 Rec8 30. a4 g6 31. h3 a6 32. Kh2 Re8 33. Rc1 Qb6 34. Qc3 Rb8 35. Qc5 Qxc5 36. Rxc5 Kf8 37. Ra5 Rb6 38. b4 Rxb4 39. Rxa6 Rc4 40. a5 Rc5 41. Ra8+ Ke7 42. a6 Ra5 43. g4 f6 44. Rh8 Kd6 45. Rd8+ Ke7 46. Rh8 e5 47. fxe5 fxe5 48. Nf3 Kd6 49. Rd8+ Kxc6 50. Nxe5+ Kb6 51. Rd6+ Kc5 52. Rd8 Re7 53. Rc8+ Kd6 54. Nc6 Ra2+ 0-1

[Event "DOM-ch"]
[Site "Santo Domingo"]
[Date "2015.05.15"]
[Round "9"]
[White "Rodriguez, Franyeline Antonio"]
[Black "Jaquez, Juan Manuel"]
[Result "1/2-1/2"]
[WhiteElo "1995"]
[BlackElo "2084"]
[PlyCount "120"]
[EventDate "2015.05.01"]
[EventType "swiss"]
[EventRounds "11"]
[EventCountry "DOM"]
[SourceTitle "CBM 166 Extra"]
[Source "ChessBase"]
[SourceDate "2015.06.18"]
[SourceVersion "1"]
[SourceVersionDate "2015.06.18"]
[SourceQuality "1"]

1. c4 Nf6 2. Nf3 g6 3. b3 Bg7 4. Bb2 0-0 5. g3 d6 6. Bg2 e5 7. d3 Nbd7 8. 0-0 c6 9. Nbd2 Re8 10. Qc2 a5 11. Ne4 Qc7 12. Ba3 Bf8 13. Rac1 Nh5 14. Ned2 f5 15. e4 c5 16. exf5 gxf5 17. Nh4 Ndf6 18. Rce1 Qe7 19. Bc1 Be6 20. Ndf3 h6 21. Re2 Nh7 22. Rfe1 Bg7 23. Nd2 Bf6 24. Nhf3 Qg7 25. Nb1 Rad8 26. Qd2 f4 27. Qxa5 Bf5 28. Qd2 Qg6 29. Rd1 Rd7 30. Nc3 Nf8 31. Ne4 Bd8 32. Bb2 Rg7 33. Rde1 Nd7 34. a3 Rf8 35. b4 b6 36. bxc5 bxc5 37. a4 Bg4 38. Nc3 fxg3 39. Re3 Rgf7 40. fxg3 Bxf3 41. Ne4 Bxg2 42. Qxg2 Ba5 43. R1e2 Qe6 44. Bc1 Rg7 45. Rf3 Rxf3 46. Qxf3 Rf7 47. Qxh5 Kg7 48. Be3 Nb6 49. g4 Qg6 50. Qxg6+ Kxg6 51. Nxd6 Rd7 52. Bxc5 Nxa4 53. Ba3 Bc7 54. Rxe5 Kf6 55. Rf5+ Ke6 56. Nb5 Be5 57. Rf3 Rg7 58. h3 h5 59. d4 hxg4 60. d5+ Kd7 1/2-1/2

[Event "DOM-ch"]
[Site "Santo Domingo"]
[Date "2015.05.02"]
[Round "3"]
[White "Alvarez, Franklin"]
[Black "Rodriguez, Franyeline Antonio"]
[Result "1-0"]
[WhiteElo "2100"]
[BlackElo "1995"]
[PlyCount "35"]
[EventDate "2015.05.01"]
[EventType "swiss"]
[EventRounds "11"]
[EventCountry "DOM"]
[SourceTitle "CBM 166 Extra"]
[Source "ChessBase"]
[SourceDate "2015.06.18"]
[SourceVersion "1"]
[SourceVersionDate "2015.06.18"]
[SourceQuality "1"]

1. e4 c5 2. Nf3 Nc6 3. d4 cxd4 4. Nxd4 Nf6 5. Nc3 e5 6. Ndb5 d6 7. Bg5 a6 8. Bxf6 gxf6 9. Na3 Be6 10. Nd5 Bg7 11. Nc4 b5 12. Nce3 0-0 13. Bd3 Qa5+ 14. c3 b4 15. 0-0 bxc3 16. bxc3 Kh8 17. Qh5 h6 18. Nxf6 1-0